000 00992cab a2200265 4500
001 WB3515-20
008 090401t1999 xxu||||| |||| 00| 0 eng d
035 _a(Sirsi) u92854
041 _aeng
245 _aInternet threat to centres predicted
260 _c1999
350 _a0
490 _aPlanning (for the Natural and Built Environment)
_v(1314) 16 April 1999, 3(1)
520 _aA report published by a town centre management and Internet consultancy, Active Centre Management Associates, suggests that major changes in retailing and property use resulting from the expansion of Internet shopping could threaten town centres.
650 _aFUTURE
650 _aINTERNET
650 _aONLINE SHOPPING
650 _aPROPERTY-COMMERCIAL PROPERTY-RETAIL PROPERTY-RETAIL PROPERTY MARKET
650 _aRETAIL SALES
650 _aRETAILING
650 _aTOWN CENTRES
690 _aMANAGEMENT-BUSINESS MANAGEMENT-INFORMATION MANAGEMENT
942 _n0
948 _c20/04/1999
999 _c58858
_d58858